Odessa 2000 /

Guardat en:
Dades bibliogràfiques
Autor principal: Aglieco, Angelo
Format: Llibre
Idioma:italià
Publicat: Roma : Edizioni Libreria Croce, 2009
Col·lecció:Ozio sapiente
Etiquetes: Afegir etiqueta
Sense etiquetes, Sigues el primer a etiquetar aquest registre!

MARC

LEADER 00000nam a22000007i 4500
001 IT\ICCU\CFI\0786800
003 ItRI
005 20240403200035.0
008 120411s2009 it |||||| ||||| |||||c
020 |a 9788864020235 
040 |b ita  |c GP 
041 7 |a ita  |2 ISO-639-2 
100 1 |a Aglieco, Angelo  |0 IT\ICCU\CFIV\273013 
245 1 0 |a Odessa 2000 /  |c Angelo Aglieco. 
260 |a Roma :  |b Edizioni Libreria Croce,  |c 2009 
300 |a 140 p. ;  |c 21 cm 
830 0 |a Ozio sapiente  |0 IT\ICCU\CFI\0966229 
942 |2 ddc  |c BK 
952 |0 0  |1 0  |2 ddc  |4 0  |6 853_914000000000000_AGL  |7 1  |9 1186  |a RM  |b RM  |d 2024-04-03  |l 0  |o 853.914 AGL  |p 732  |r 2024-04-03 20:00:59  |w 2024-04-03  |y BK 
981 1 |6 z01  |a i   |b xxxe  
982 1 |6 z01  |a n 
999 |c 1089  |d 1089